Tecnología y ensayos de materiales electrónicos : prácticas (1ª parte) / J. de Bladó, J. Segura y F. Gutierrez ; dirigidas por D. E. Realp prácticas (1ª parte) / J. de Bladó, J. Segura y F. Gutierrez ; dirigidas por D. E. Realp
Descripción Física:
[162] p. ; 30 cm
Materias:
Electrònica
MARC
| LEADER | 00000nam a2200000Ia 4500 | ||
|---|---|---|---|
| 001 | 1964 | ||
| 008 | 160829s9999 xx 000 0 cat d | ||
| 080 | |a C-1-534 | ||
| 100 | |a Bladó, J. de |9 21074 | ||
| 245 | |a Tecnología y ensayos de materiales electrónicos : |b prácticas (1ª parte) / J. de Bladó, J. Segura y F. Gutierrez ; dirigidas por D. E. Realp | ||
| 260 | |a Barcelona : |b E.U. de Ingenieria Técnica Industrial, [198 - ?] | ||
| 300 | |a [162] p. ; |c 30 cm | ||
| 650 | |a Electrònica |9 21075 | ||
| 700 | |a Segura, J. |9 21076 | ||
| 700 | |a Gutiérrez, Fernando |9 21077 | ||
| 700 | |a Realp, D. E., dir. I |9 21078 | ||
| 710 | 2 | |a Escola Universitària d'Enginyeria Tècnica Industrial de Barcelona |9 54317 | |
| 901 | |a Arxiu | ||
| 942 | |n 1 | ||
| 952 | |0 0 |1 0 |4 0 |6 C1534 |7 1 |9 41790 |a Arxiu |b Arxiu |d 2016-12-01 |l 0 |o C-1-534 |p 1964 |r 2016-12-01 00:00:00 |w 2016-12-01 |y ARXIU | ||
| 999 | |c 43681 |d 43681 | ||